000 00388nam a2200157Ia 4500
008 180921t2016 xxu||||| |||| 00| 0 eng d
041 _aeng
080 _a301
_bMUN
100 _aMunaweera,D.P
245 _aWho Are the Poor
260 _bBehalf of the Jesuit Social Center
_aGall
_c2016
300 _b97p, 26cm
942 _cBK
999 _c3681
_d3681
003 LK-CoDNM
040 _aLK-CoDNM
_dLK-CoDNM
_eLK-CoDNM